[Event "Bayernliga U20 1617"]
[Site "Bayern"]
[Date "2017.01.21"]
[Round "4.1"]
[White "Kornitzky, Tino"]
[Black "Chernilovskyy, Oleksandr"]
[Result "1/2-1/2"]
[WhiteElo "1931"]
[BlackElo "1783"]
[PlyCount "55"]
[EventDate "2016.11.12"]
[EventType "team-tourn"]
[EventRounds "7"]
[EventCountry "GER"]
[SourceTitle "EXT 2022"]
[Source "ChessBase"]
[SourceDate "2021.10.06"]
[SourceVersion "1"]
[SourceVersionDate "2021.10.06"]
[SourceQuality "1"]
[WhiteTeam "Erlangen SC U20"]
[BlackTeam "Muenchen Tarrasch U20"]
[WhiteTeamCountry "GER"]
[BlackTeamCountry "GER"]

1. d4 Nf6 2. c4 g6 3. Nc3 Bg7 4. e4 d6 5. Nf3 0-0 6. Be2 Nc6 7. d5 Nb8 8. Be3 c5 9. Nd2 a6 10. 0-0 Ne8 11. Qc2 b5 12. cxb5 axb5 13. Nxb5 f5 14. f3 Nc7 15. Nxc7 Qxc7 16. Rfc1 Ba6 17. Bxa6 Nxa6 18. a3 fxe4 19. fxe4 Qb7 20. Nc4 Nc7 21. Rab1 Nb5 22. Qd3 Qa6 23. Qd2 Rfb8 24. e5 Qb7 25. exd6 Nxa3 26. Nxa3 Rxa3 27. Bf4 Bd4+ 28. Kh1 1/2-1/2

[Event "Landesliga U20 Sued 1314"]
[Site "Bayern"]
[Date "2014.02.15"]
[Round "7.1"]
[White "Chernilovskyy, Oleksandr"]
[Black "Bosse, Lea"]
[Result "1/2-1/2"]
[WhiteElo "1811"]
[BlackElo "1704"]
[PlyCount "45"]
[EventDate "2013.11.16"]
[EventType "team-tourn"]
[EventRounds "7"]
[EventCountry "GER"]
[SourceTitle "EXT 2022"]
[Source "ChessBase"]
[SourceDate "2021.10.06"]
[SourceVersion "1"]
[SourceVersionDate "2021.10.06"]
[SourceQuality "1"]
[WhiteTeam "Muenchen Tarrasch U20"]
[BlackTeam "Freising SK U20"]
[WhiteTeamCountry "GER"]
[BlackTeamCountry "GER"]

1. e4 e6 2. d4 d5 3. Nc3 Nf6 4. Bg5 Bb4 5. e5 h6 6. exf6 hxg5 7. fxg7 Rg8 8. Bd3 Qf6 9. Nf3 Nc6 10. a3 Ba5 11. Bb5 Bd7 12. Bxc6 bxc6 13. Qd3 Bb6 14. Qh7 Qxg7 15. Qxg7 Rxg7 16. Na4 g4 17. Nxb6 cxb6 18. Ne5 c5 19. Nxd7 Kxd7 20. c3 cxd4 21. cxd4 Rc8 22. Kd2 Rc4 23. Kd3 1/2-1/2

[Event "Landesliga U20 Sued 1314"]
[Site "Bayern"]
[Date "2014.01.25"]
[Round "5.1"]
[White "Franz, Sebastian"]
[Black "Chernilovskyy, Oleksandr"]
[Result "1/2-1/2"]
[WhiteElo "1714"]
[BlackElo "1811"]
[PlyCount "22"]
[EventDate "2013.11.16"]
[EventType "team-tourn"]
[EventRounds "7"]
[EventCountry "GER"]
[SourceTitle "EXT 2022"]
[Source "ChessBase"]
[SourceDate "2021.10.06"]
[SourceVersion "1"]
[SourceVersionDate "2021.10.06"]
[SourceQuality "1"]
[WhiteTeam "Muenchen Suedost SK U20 II"]
[BlackTeam "Muenchen Tarrasch U20"]
[WhiteTeamCountry "GER"]
[BlackTeamCountry "GER"]

1. e4 e6 2. d4 d5 3. exd5 exd5 4. Nf3 Nf6 5. Bd3 Bd6 6. Bg5 Bg4 7. 0-0 0-0 8. Nbd2 Nbd7 9. c3 c6 10. Qc2 Qc7 11. Rfe1 Rfe8 1/2-1/2

[Event "Landesliga Sued 1213 U20"]
[Site "Bayern"]
[Date "2013.01.19"]
[Round "4.1"]
[White "Thanner, Daniel"]
[Black "Chernilovskyy, Oleksandr"]
[Result "1-0"]
[WhiteElo "2056"]
[BlackElo "1653"]
[PlyCount "91"]
[EventDate "2012.10.20"]
[EventType "team-tourn"]
[EventRounds "7"]
[EventCountry "GER"]
[SourceTitle "EXT 2020"]
[Source "ChessBase"]
[SourceDate "2019.10.17"]
[SourceVersion "1"]
[SourceVersionDate "2019.10.17"]
[SourceQuality "1"]
[WhiteTeam "Ortenburg U20"]
[BlackTeam "Muenchen Tarrasch U20"]
[WhiteTeamCountry "GER"]
[BlackTeamCountry "GER"]

1. d4 d5 2. Nf3 Nf6 3. e3 e6 4. Bd3 Bd6 5. Nbd2 0-0 6. 0-0 Nbd7 7. c3 c5 8. e4 cxd4 9. cxd4 dxe4 10. Nxe4 Nxe4 11. Bxe4 Nf6 12. Bc2 b6 13. Bg5 Bb7 14. Qd3 g6 15. Rad1 Be7 16. Ne5 Rc8 17. f3 Nd5 18. Bxe7 Qxe7 19. Bb1 Qg5 20. Qd2 Qe3+ 21. Rf2 Rc7 22. Re1 Qxd2 23. Rxd2 Rd8 24. Kf2 Ne7 25. h4 Nc6 26. Rc1 f6 27. Nxc6 Rxc6 28. Rxc6 Bxc6 29. Ke3 Kf7 30. Rc2 Rc8 31. a3 h6 32. Ba2 Bb7 33. Rxc8 Bxc8 34. f4 Bb7 35. g4 g5 36. hxg5 hxg5 37. f5 Bd5 38. fxe6+ Kxe6 39. Bxd5+ Kxd5 40. b3 a6 41. Kd3 a5 42. a4 Kc6 43. Ke4 b5 44. Kf5 b4 45. Ke6 f5 46. d5+ 1-0

[Event "Landesliga U20 Sued 1112"]
[Site "Bayern"]
[Date "2012.01.21"]
[Round "5.2"]
[White "Chernilovskyy, Oleksandr"]
[Black "Keil, Christoph"]
[Result "1/2-1/2"]
[WhiteElo "1637"]
[BlackElo "1602"]
[PlyCount "52"]
[EventDate "2011.11.12"]
[EventType "team-tourn"]
[EventRounds "7"]
[EventCountry "GER"]
[SourceTitle "EXT 2022"]
[Source "ChessBase"]
[SourceDate "2021.10.06"]
[SourceVersion "1"]
[SourceVersionDate "2021.10.06"]
[SourceQuality "1"]
[WhiteTeam "Muenchen Tarrasch U20"]
[BlackTeam "Ebersberg Grafing U20"]
[WhiteTeamCountry "GER"]
[BlackTeamCountry "GER"]

1. e4 c6 2. d4 d5 3. exd5 cxd5 4. c4 Nf6 5. Nc3 e6 6. Bg5 Be7 7. cxd5 Nxd5 8. Bxe7 Nxe7 9. Bb5+ Bd7 10. Rc1 Qa5 11. Qb3 Bxb5 12. Qxb5+ Qxb5 13. Nxb5 Na6 14. Nd6+ Kd7 15. Nxf7 Rhc8 16. Ne2 Nb4 17. 0-0 Nxa2 18. Ra1 Nb4 19. Ne5+ Ke8 20. Nf4 Rc2 21. Nxe6 g6 22. Rfc1 Rac8 23. Rxc2 Rxc2 24. h3 a6 25. Nc5 Rxb2 26. Nxb7 Nf5 1/2-1/2

[Event "Landesliga U20 Sued 1011"]
[Site "Bayern"]
[Date "2011.01.22"]
[Round "4.3"]
[White "Bauer, David"]
[Black "Chernilovskyy, Oleksandr"]
[Result "1/2-1/2"]
[WhiteElo "1435"]
[BlackElo "1696"]
[PlyCount "64"]
[EventDate "2010.10.16"]
[EventType "team-tourn"]
[EventRounds "7"]
[EventCountry "GER"]
[SourceTitle "EXT 2022"]
[Source "ChessBase"]
[SourceDate "2021.10.06"]
[SourceVersion "1"]
[SourceVersionDate "2021.10.06"]
[SourceQuality "1"]
[WhiteTeam "Schaibing U20"]
[BlackTeam "Muenchen Tarrasch U20"]
[WhiteTeamCountry "GER"]
[BlackTeamCountry "GER"]

1. e4 e5 2. Nf3 Nc6 3. Bc4 Be7 4. d4 exd4 5. c3 d6 6. cxd4 Bg4 7. Qb3 Bxf3 8. Qxf3 Nf6 9. d5 Ne5 10. Qe2 Qd7 11. Bb3 0-0 12. f4 Ng6 13. 0-0 c6 14. dxc6 bxc6 15. f5 Nh8 16. h3 d5 17. e5 Ne4 18. Qg4 Bc5+ 19. Kh2 Nf2 20. Qf3 f6 21. e6 Qb7 22. Rxf2 Bxf2 23. Qxf2 Rfe8 24. Nc3 g6 25. Qg3 Qg7 26. Qd6 Rac8 27. fxg6 Nxg6 28. Qd7 Nf8 29. Qxg7+ Kxg7 30. Be3 a6 31. Bf2 Nxe6 32. Rf1 Rf8 1/2-1/2